Score 0/12 Timer 03:00
1 Play Today
% Correct
Swiss Cheese
97.5%
Onion Rings
97.4%
Donuts
97%
Cheerios
96.8%
Bagels
96.3%
Gummy Ring Candies
96.3%
Pineapple Rings
96.1%
Beghrir (Pancake)
95.1%
Crackers
94.1%
Jello Ring
93.5%
French Crullers
91.7%
Potica (Nut Roll)
89.2%
Remove Ads.
Support Sporcle.
Get the best of Sporcle when you Go Orange. This ad-free experience offers more features, more stats, and more fun while also helping to support Sporcle. Thank you for becoming a member.

You're not logged in!

Compare scores with friends on all Sporcle quizzes.
OR
Log In

Show Comments

Extras

Top Quizzes Today


Score Distribution

Your Account Isn't Verified!

In order to create a playlist on Sporcle, you need to verify the email address you used during registration. Go to your Sporcle Settings to finish the process.

Report this User

Report this user for behavior that violates our Community Guidelines.

Details: